00411nam a2200097Ia 4500008004100000020001800041100002600059245011900085260009500204300001400299200626s9999 xx 000 0 und d a971-92221-7-4 aNograles, Reynaldo R. cReynaldo R. Nograles, Rhoderick R. Santos.--aEssentials of investments in the philippine capital market workbook/ aLas Piñas City:bSouthville International School and Colleges Systems Publicationsc2005 a184 pages